000 00395nam a22001337a 4500
005 20260306043347.0
008 221026b |||||||| |||| 00| 0 eng d
100 _aLekphell, Wangyel Sonam
245 _aAspects of Volunteerism
_bDessung Project in Bhutan
260 _aThimphu :
_bRoyal Thimphu College,
_c2022
300 _av, 37p :
_c30 cm
650 _aStudent Research work
942 _2ddc
_cMAIN
999 _c9172
_d9173